| 000 | 00523nam a22001697a 4500 | ||
|---|---|---|---|
| 005 | 20241214123423.0 | ||
| 008 | 241214b |||||||| |||| 00| 0 eng d | ||
| 020 | _a9780443066849 | ||
| 050 |
_aQM23.2 _b.G73 |
||
| 245 |
_aGray's Anatomy/ _bthe anatomical basis of clinical practice _cSusan Standring et al. |
||
| 250 | _a40th ed. | ||
| 260 |
_aUK _bChurchill Livingstone/ Elsevier _c2008 |
||
| 300 |
_axxiv.1551p. _bill. color _c30cm |
||
| 500 | _aincludes index | ||
| 700 | _aStandring, Susan | ||
| 942 |
_2lcc _cBK _e40th ed. _n0 |
||
| 999 |
_c2212 _d2212 |
||